Write source 2000 : (Record no. 783)

000 -LEADER
fixed length control field 01492cam a2200445Ia 4500
003 - CONTROL NUMBER IDENTIFIER
control field OSt
005 - DATE AND TIME OF LATEST TRANSACTION
control field 20210617090003.0
008 - FIXED-LENGTH DATA ELEMENTS--GENERAL INFORMATION
fixed length control field 990218s1999 wiuab 001 0 eng d
020 ## - INTERNATIONAL STANDARD BOOK NUMBER
International Standard Book Number 0669467731 (hdc)
020 ## - INTERNATIONAL STANDARD BOOK NUMBER
International Standard Book Number 9780669467734 (hdc)
020 ## - INTERNATIONAL STANDARD BOOK NUMBER
International Standard Book Number 066946774X (pbk)
020 ## - INTERNATIONAL STANDARD BOOK NUMBER
International Standard Book Number 9780669467741 (pbk)
020 ## - INTERNATIONAL STANDARD BOOK NUMBER
International Standard Book Number 0669467758 (guide)
020 ## - INTERNATIONAL STANDARD BOOK NUMBER
International Standard Book Number 9780669467758 (guide)
040 ## - CATALOGING SOURCE
Transcribing agency IOT
049 ## - LOCAL HOLDINGS (OCLC)
Holding library JHEE
050 #4 - LIBRARY OF CONGRESS CALL NUMBER
Classification number PE1112
Item number .S365 1999
100 1# - MAIN ENTRY--PERSONAL NAME
Personal name Sebranek, Patrick.
245 10 - TITLE STATEMENT
Title Write source 2000 :
Remainder of title a guide to writing, thinking and learning /
Statement of responsibility, etc. written and compiled by Patrick Sebranek, Dave Kemper, and Verne Meyer ; illustrated by Chris Krenzke.
250 ## - EDITION STATEMENT
Edition statement [4th ed.]
260 ## - PUBLICATION, DISTRIBUTION, ETC.
Place of publication, distribution, etc. Wilmington, MA :
Name of publisher, distributor, etc. Write Source,
Date of publication, distribution, etc. c1999.
300 ## - PHYSICAL DESCRIPTION
Extent x, 542 p. :
Other physical details ill. (some col.), col. maps ;
Dimensions 24 cm. + teacher's guide (268 p. ; 28 cm.).
500 ## - GENERAL NOTE
General note Includes index.
650 #0 - SUBJECT ADDED ENTRY--TOPICAL TERM
Topical term or geographic name entry element English language
General subdivision Study and teaching (Middle school)
650 #0 - SUBJECT ADDED ENTRY--TOPICAL TERM
Topical term or geographic name entry element English language
General subdivision Writing.
650 #0 - SUBJECT ADDED ENTRY--TOPICAL TERM
Topical term or geographic name entry element English language
General subdivision Composition and exercises.
700 1# - ADDED ENTRY--PERSONAL NAME
Personal name Kemper, Dave.
700 1# - ADDED ENTRY--PERSONAL NAME
Personal name Meyer, Verne.
710 2# - ADDED ENTRY--CORPORATE NAME
Corporate name or jurisdiction name as entry element Write Source.
710 2# - ADDED ENTRY--CORPORATE NAME
Corporate name or jurisdiction name as entry element Great Source Education Group.
830 #0 - SERIES ADDED ENTRY--UNIFORM TITLE
Volume/sequential designation 6-8.
910 ## - USER-OPTION DATA (OCLC)
User-option data 3460737
942 ## - ADDED ENTRY ELEMENTS (KOHA)
Source of classification or shelving scheme
Koha item type Book
Suppress in OPAC SO
Holdings
Withdrawn status Lost status Source of classification or shelving scheme Damaged status Not for loan Permanent Location Current Location Shelving location Date acquired Total Checkouts Full call number Barcode Date last seen Copy number Price effective from Koha item type Public note
          AU LIBRARY AU LIBRARY Open Shelf 17.06.2021   PE1112 .S365 1999 C1 28001787 17.06.2021 1 17.06.2021 Book SO
          AU LIBRARY AU LIBRARY Open Shelf 17.06.2021   PE1112 .S365 1999 C2 28001788 17.06.2021 2 17.06.2021 Book SO

Powered by Koha